000 01553nam a22003857a 4500
003 CHAP
005 20220329143922.0
008 230812s2012 mx r 00010 spa d
010 _a103722
011 _a104694
035 _a115384
040 _cCHAP
090 _aTesis
100 1 _aCarreón Martínez, Juan Carlos.
_919382
245 1 0 _aEstudio de factibilidad técnico económica para la instalación de una planta productora de huevo para plato en Xicotepec de Juárez, Puebla
_h[En línea]
_c/por Juan Carlos Carreón Martínez
260 _aChapingo, Méx. :
_bEl autor,
_c2012
500 _aPara ver el contenido del material haga clic en la liga
502 _aTesis (Ing. Agroindustrial) -- UACH. Departamento de Ingeniería Agroindustrial
590 _aALEPH
_b10
_c20130110
_lUCH01
_h1546
590 _aBATCH-UPD
_b10
_c20130110
_lUCH01
_h0856
590 _aBATCH-UPD
_b10
_c20130410
_lUCH01
_h0526
590 _aBATCH-UPD
_b10
_c20130914
_lUCH01
_h0852
590 _aBATCH-UPD
_b10
_c20140324
_lUCH01
_h1532
590 _aBATCH-UPD
_b10
_c20141002
_lUCH01
_h0854
590 _aBATCH
_b00
_c20181121
_lUCH01
_h0759
590 _aCONVERSION
_b10
_c20130109
_lUCH01
_h1357
650 0 4 _aHuevos
_xCostos de producción.
_956746
650 0 4 _aHuevos
_xIndustria.
_956748
856 _3Finding aid
_uhttp://10.13.5.2/tesis/115384.pdf
_zTeclea aqui
856 _a1
_n0001309
901 _aBK
942 _cFOLL
949 _aTesis
_bBC
_cTES
_d33724002346819
_eTS1
_h53786
_i115384
_st
949 _aTesis
_bBC
_cTES
_d33724002346850
_eTS2
_fc.2
_h53787
_i115384
_st
999 _c103722
_d103722